期刊信息 |
| 索取号 |
O22/MOOR
|
| 题名 |
Mathematics of Operations Research
|
| 作者 |
|
| 分册号 |
|
| 分册名 |
|
| 出版地 |
|
| 出版者 |
|
| 标准刊号 |
|
| 出版频率 |
月刊
|
| 中图法分类 |
O22
|
| 主题词 |
运筹学
|
| 电子资源 | |
| |
|
| 000 | 00336nas0 2200145 45 | |
| 001 | 0740419355 | |
| 005 | 20131118104412.59 | |
| 100 | @a20070415d km y0chiy0120 ea | |
| 101 | 0 | @aeng |
| 200 | 1 | @aMathematics of Operations Research |
| 326 | @a月刊 | |
| 606 | 0 | @a运筹学 |
| 690 | @aO22@v4 | |
| 801 | 0 | @aCN@bPFT@c20070415 |
| 905 | @aTJWY@dO22@eMOOR | |
| Mathematics of Operations Research |
| ● |
| 相关链接: |
|
|
|
|